| 000 | 00643nam a22001457a 4500 | ||
|---|---|---|---|
| 003 | OSt | ||
| 005 | 20151001145727.0 | ||
| 008 | 151001b xxu||||| |||| 00| 0 eng d | ||
| 040 | _cRUA | ||
| 082 | _aAGR ជូ 1994 B002 Or.1 | ||
| 100 |
_91689 _aជួ វណ្ណះ |
||
| 245 | _aសិក្សាេពីចំណូល និង ចំណាយថវិកាចំនួនម្ភៃគ្រួសារ នៅក្នងខេត្តកណ្តាលដើម្បីកំណត់ប្រភេទមួយក្នុងគំរោងថវិកាគ្រួសា | ||
| 300 |
_a68p. _bill. _c29cm. |
||
| 942 |
_2ddc _cAGR |
||
| 999 |
_c1591 _d1591 |
||